| 000 | 00760nam a22002297a 4500 | ||
|---|---|---|---|
| 005 | 20240530110436.0 | ||
| 008 | 150328b2011 ua g 000 j ara d | ||
| 017 |
_a2011/16717 _bمصر . دار الكتب المصرية |
||
| 020 | _a9772089351 | ||
| 040 | _aEG-CaGPL | ||
| 082 | 0 | 4 |
_221 _a813.01\ _bم د |
| 100 | 0 | _aمحمد على | |
| 245 | 1 | 0 |
_aدموع على ضفاف النيل : _bقصص قصيرة / _cمحمد على |
| 250 | _aط1 | ||
| 260 |
_aالقاهرة : _bمكتبة مدبولى ، _c2011 |
||
| 300 |
_a83 ص ؛ _c22 سم |
||
| 650 | 0 | 4 | _aالقصص القصيرة |
| 650 | 0 | 4 |
_aالادب العربى _xالقصص |
| 650 | 0 | 4 | _aالقصص الاجتماعية |
| 942 |
_2ddc _cBK |
||
| 999 |
_c60957 _d60957 |
||